[Event "Olympiad-33"]
[Site "Elista"]
[Date "1998.10.06"]
[Round "8.1"]
[White "Kozul, Zdenko"]
[Black "Azmaiparashvili, Zurab"]
[Result "0-1"]
[WhiteElo "2570"]
[BlackElo "2655"]
[Annotator "Ftacnik,L"]
[PlyCount "46"]
[EventDate "1998.09.29"]
[EventType "team-swiss"]
[EventRounds "13"]
[EventCountry "RUS"]
[SourceTitle "CBM 068"]
[Source "ChessBase"]
[SourceDate "1999.02.01"]
[SourceVersion "1"]
[SourceVersionDate "1999.02.01"]
[SourceQuality "1"]
[WhiteTeam "Croatia"]
[BlackTeam "Georgia"]
[WhiteTeamCountry "CRO"]
[BlackTeamCountry "GEO"]

1. d4 Nf6 2. c4 g6 3. Nc3 d5 4. Nf3 Bg7 5. Qb3 dxc4 6. Qxc4 O-O 7. e4 a6 8. e5
b5 9. Qb3 Nfd7 10. Be3 c5 11. e6 (11. Qd5 $5 Ra7 12. dxc5) 11... cxd4 12. Nxd4
(12. exf7+ Rxf7 13. Bxd4 (13. Ng5 Ne5 14. Nxf7 Nxf7 15. Rd1 Nc6 16. Ne4 Na5 $44
) 13... Bxd4 14. Nxd4 Nc5 (14... Qb6 15. Nf3 Nc5 16. Qd1 Bg4 17. Be2 Nc6 18.
O-O Rd8 19. Nd5 Qa7 20. b4 e6 21. bxc5 Rxd5 22. Qb1 Qxc5 23. Rc1 Qd6 {1/2-1/2
Timoshchenko,G-Naumann,A/Cappelle la Grande op/ 1998/ (37)}) 15. Qd5 (15. Qd1
Ra7 $5 16. Nf3 Rd7 $15) (15. Qb4 $5) 15... Qxd5 16. Nxd5 Nbd7 $1 $15 17. b4 $5
(17. Be2 Bb7 18. Ne3 Na4 (18... e5 19. Nf3 Bxf3 20. Bxf3 e4 21. Be2 Na4 22. Rb1
Ne5 23. O-O Rd7 24. Rfd1 Rad8 {1/2-1/2 Herndl,H-Balinov,I/Schwarzach opA/1997/
(50)}) 19. b3 Nc3 20. Bf3 $15) (17. Rd1 Bb7 18. Ne3 e5 $11) 17... Bb7 (17...
Ne4 18. f3 Nef6 19. Nc7 $14) 18. Nc3 (18. Nc7 Rc8 19. Ncxb5 axb5 20. bxc5 Rxc5
$11) 18... e5 $1 19. Ndxb5 axb5 20. bxc5 b4 21. Nb5 Rf4 {0-1 Piket,J-Timman,J/
NLD-ch 1997/ (40)}) (12. exd7 dxe3 13. dxc8=Q exf2+ 14. Kxf2 Qb6+ 15. Ke1 Rxc8
$44) (12. Bxd4 Bxd4 13. Nxd4 Nc5 14. Qd5 Qxd5 15. Nxd5 Nxe6 16. Nxe7+ Kg7 17.
O-O-O Ra7 $15) 12... Nc5 13. exf7+ Rxf7 14. Qd1 (14. Qd5 Qxd5 15. Nxd5 Nbd7 16.
Rc1 (16. Nc7 $6 Ra7 $1 (16... Rb8 17. Nc6 $5 Bxb2 18. Rd1 Rb6 19. Nd8 Bc3+ 20.
Ke2 Rf5 21. Nd5 Rxd5 22. Rxd5 $14) 17. Nce6 Nxe6 18. Nxe6 Bxb2 $1 19. Rb1 Bc3+
20. Kd1 Ra8 21. a4 $6 (21. Nc7 Rb8 22. Nd5 Be5 $17) 21... Ne5 $1 {0-1 Siegel,
G-Herrera,I/Havana 1998/ (28)}) 16... Bb7 17. b4 Bxd5 18. bxc5 Rc8 19. Nb3 Ne5
20. f3 Nxf3+ $5 21. gxf3 Rxf3 22. Bd2 Rxb3 23. axb3 Bxh1 24. Bh3 Rc6 25. Bd7 {
1-0 Messner,H-Schnitzspan,L/Bayern-chI Bank Hofmann 1997/ (47) 1-0}) 14... Ra7
$5 {This logical move aknowledges the importance of the central control. White
suddenly realizes, that apart from some tactical chances he is even behind in
the development.} (14... Bb7 15. Rc1 (15. Ndxb5 $5 Qxd1+ (15... Nbd7 16. Nd4 e5
17. Nb3 Ne6 18. Qg4 $16) 16. Rxd1 axb5 17. Bxc5 Bxc3+ 18. bxc3 Rf5 19. Rd8+ Kf7
20. Be3 $1 Rd5 21. Rxd5 Bxd5 22. Bxb5 $16) 15... Qd6 16. Nf3 Bxf3 17. gxf3 Nc6
18. Qxd6 exd6 19. Rd1 Rd8 20. Bh3 $6 (20. Be2 $1 Nb7 21. Rg1 Re8 $13) 20...
Rff8 21. f4 Nb4 22. Ke2 {1/2-1/2 Epishin,V-Svidler,P/Groningen 1997/ (45)}) (
14... Qd6 15. Nf3 Bg4 16. Be2 b4 17. Bc4 Be6 (17... Ne6 18. Ne4 Qxd1+ 19. Rxd1
Nc6 20. Nfg5 $18) (17... Nd3+ 18. Kf1 bxc3 19. Bxf7+ Kxf7 20. Ng5+ $18) 18.
Bxc5 Qxd1+ 19. Rxd1 Bxc4 20. Bxb4 Nc6 21. Ba3 Bxc3+ 22. bxc3 Rb8 $44) 15. Nc6
$6 (15. Ndxb5 Rd7 $1 (15... Qxd1+ 16. Rxd1 axb5 17. Bxc5 Bxc3+ 18. bxc3 Rxa2
19. Bxb5 $16) 16. Qc2 Nd3+ 17. Bxd3 Rxd3 18. Na3 Bb7 $44) (15. Ne6 Qxd1+ 16.
Rxd1 Bxe6 17. Bxc5 Rd7 $15) 15... Nxc6 16. Qxd8+ (16. Bxc5 Rd7 17. Qc1 Nd4 $15)
16... Nxd8 17. Bxc5 Rc7 18. Ba3 (18. Bb6 Rxc3 19. Rd1 (19. bxc3 Bxc3+ 20. Ke2
Bxa1 21. Bxd8 Be6 $19) 19... Rc6 20. Rxd8+ Rf8 21. Rxf8+ Kxf8 22. Be3 Rc2 $19)
18... Rxc3 $1 {[%mdl 64] This move doesn't win the piece, but the last bariers
to black's attack have vanished.} 19. Rd1 (19. bxc3 Bxc3+ 20. Ke2 Bxa1 $19)
19... Rc2 20. Rxd8+ Rf8 21. Bxe7 (21. Rd2 Rxd2 22. Kxd2 Rxf2+ 23. Ke3 Rc2 $17)
21... Rxd8 22. Bxd8 Rxb2 23. a4 $2 Bc3+ (23... Bc3+ 24. Kd1 Rd2+ 25. Kc1 Rxd8
$19) 0-1

[Event "NED-ch54"]
[Site "Rotterdam "]
[Date "1999.05.30"]
[Round "2"]
[White "Van der Sterren, Paul"]
[Black "Sokolov, Ivan"]
[Result "1/2-1/2"]
[WhiteElo "2535"]
[BlackElo "2624"]
[Annotator "Ftacnik,L"]
[PlyCount "82"]
[EventDate "1999.05.29"]
[EventType "tourn"]
[EventRounds "11"]
[EventCountry "NED"]
[EventCategory "12"]
[SourceTitle "CBM 072"]
[Source "ChessBase"]
[SourceDate "1999.10.01"]
[SourceVersion "1"]
[SourceVersionDate "1999.10.01"]
[SourceQuality "1"]

1. d4 Nf6 2. c4 g6 3. Nc3 d5 4. Nf3 Bg7 5. Qb3 dxc4 6. Qxc4 O-O 7. e4 a6 8. Be2
b5 9. Qb3 c5 10. dxc5 Bb7 11. O-O Nbd7 12. e5 Nxc5 13. Qb4 Nfd7 14. Rd1 Qc7 15.
Be3 Rac8 16. Nd5 Bxd5 17. Rxd5 Ne6 (17... e6 18. Rxc5 Nxc5 19. Rc1 Bxe5 20.
Nxe5 (20. Rxc5 Bd6 21. Rxc7 Bxb4 22. Ra7 Rc2 23. Bd3 Rxb2 24. Rxa6 Rd8 25. Bf1
Rb1 26. Bh6 f6 27. h3 Rdd1 28. Nh2 $11) 20... Qxe5 21. Rxc5 Rxc5 22. Qxc5 Qxb2
23. Bf1 $14) 18. Rc1 Qb7 19. Rcd1 Nb8 $1 {Black faces the bishop pair, but his
pieces are well developed and e5 pawn is weak.} 20. Ng5 (20. R5d2 Nc6 21. Qe4
Rfd8 $13) 20... Nxg5 21. Bxg5 e6 22. R5d2 Bxe5 23. a4 Nc6 24. Qe4 Qb8 (24...
bxa4 25. Qxa4 Nb8 26. b3 $11) 25. axb5 axb5 (25... Bxh2+ 26. Kh1 axb5 27. f4
Bg3 28. Qf3 $16) 26. h4 h5 27. Rd7 $6 (27. b3 Na5 $15) 27... Bxb2 28. Bh6 Bg7
$2 {[%mdl 64] A strange moment of mutual chess blindness. Black was doing
great with his two spare pawns and fair prospects to avert the dangers.} (28...
Rfe8 $1 29. Bxh5 Ne5 30. Rb7 (30. Bf4 Rc4 31. Bxe5 Rxe4 32. Bxb8 Rxb8 33. Bf3
Rxh4 $19) (30. Bxg6 Nxg6 31. Qf3 Nh8 32. Qg4+ Kh7 33. Bf4 Qb6 $19) 30... Qa8
31. Bxg6 Nxg6 32. Rdd7 Qa1+ 33. Kh2 Rc4 $19) 29. Qxg6 $2 {Spectacular, but the
positional attack with two mighty rooks on d file was very unpleasant for
black.} (29. Bxg7 Kxg7 30. R1d6 $1 Nd8 (30... Qb6 31. Qxe6 Kg8 32. Qd5 $18) 31.
Bxh5 $1 (31. Qe5+ Kg8 32. Qxb5 Qxb5 33. Bxb5 Rb8 $15) 31... gxh5 32. Qe5+ Kg8
33. Qg5+ Kh7 34. Rd3 $16) 29... fxg6 30. Rxg7+ Kh8 31. Rdd7 Qe5 (31... Rfd8 $2
32. Rh7+ Kg8 33. Rdg7+ Kf8 34. Rh8#) 32. Rh7+ Kg8 33. Rdg7+ Qxg7 34. Rxg7+ Kh8
35. Bxb5 Nd4 (35... Rfd8 36. Rxg6 Nd4 37. Bd3 Nf3+ 38. gxf3 Rxd3 39. Rxe6 Rxf3
40. Re5 $11) 36. Bd3 {White should be able to hold the game due to elimination
of most black pawns.} Rg8 (36... Nf5 37. Rxg6 Nxh6 38. Rxh6+ Kg7 39. Rxe6 Rc1+
40. Kh2 Rxf2 41. Rg6+ Kf8 42. Rg5 $11) 37. Rxg6 Nf3+ 38. Kf1 (38. gxf3 Rxg6+
39. Bxg6 Rg8 40. Bg5 Rxg6 41. Kg2 Rg8 $17) 38... Nxh4 39. Rxe6 Rxg2 40. Be3 Rd8
41. Rh6+ Kg7 (41... Kg7 42. Rxh5 Rxd3 43. Rxh4 $11) 1/2-1/2

[Event "EU-ch 4th"]
[Site "Istanbul"]
[Date "2003.06.08"]
[Round "9"]
[White "Gagunashvili, Merab"]
[Black "Ftacnik, Lubomir"]
[Result "1/2-1/2"]
[WhiteElo "2580"]
[BlackElo "2611"]
[Annotator "Ftacnik,L"]
[PlyCount "68"]
[EventDate "2003.05.30"]
[EventType "swiss"]
[EventRounds "13"]
[EventCountry "TUR"]
[SourceTitle "CBM 096"]
[Source "ChessBase"]
[SourceDate "2003.09.25"]
[SourceVersion "1"]
[SourceVersionDate "2003.09.25"]
[SourceQuality "1"]

1. d4 Nf6 2. c4 g6 3. Nc3 d5 4. Nf3 Bg7 5. Qb3 dxc4 6. Qxc4 O-O 7. e4 Na6 8.
Qb3 c5 9. d5 Qb6 10. Bxa6 $5 (10. Qxb6 axb6 11. Bc4 e6 12. dxe6 Bxe6 13. Bxe6
fxe6 14. O-O Nb4 15. h3 Nd7 16. Rd1 Nc2 17. Rb1 Nd4 18. Ne1 Ne5 19. a4 Rad8 20.
Bg5 Rd7 {0-1 Giorgadze,G-Tukmakov,V/Odessa 1989/ (35)}) 10... Qxa6 11. e5 Ng4
$6 {It seems to be a bit unusual, that such a natural move has serious flaw.
The mighty white's center could have been fought against from the square d7
due to the trick with g5-g4 pawn march.} (11... Nd7 $5 12. Bf4 g5 13. Bxg5 Nxe5
14. Nxe5 Bxe5 15. O-O-O Qg6 $11) 12. Bf4 Qd3 13. Bg3 (13. Qa4 $1 c4 (13... Qf5
14. Qe4 Qh5 15. O-O Bf5 16. Qe2 $14) 14. Bg3 (14. Rd1 Qf5 15. Qxc4 Nxe5 16.
Bxe5 Bxe5 17. Nxe5 Qxe5+ 18. Qe2 Qxe2+ 19. Kxe2 Rd8 $11) (14. h3 Qf5 $11) 14...
Qf5 15. O-O Nxe5 16. Nxe5 Bxe5 17. Bxe5 Qxe5 18. Qxc4 $14) 13... Qf5 (13... e6
14. h3 Nh6 15. Rd1 (15. d6 b6 (15... Qa6 16. Qb5 Qxb5 17. Nxb5 Bd7 18. Nc7 Rab8
19. Bf4 $16) 16. Rd1 Qf5 17. Nh4 Qh5 18. f4 Bb7 19. Qa4 g5 20. fxg5 Qxg5 21.
Qf4 f6 $13) 15... Qa6 16. d6 Bd7 17. Bf4 Bc6 $11) 14. O-O $1 Nxe5 (14... b6 15.
Rfe1 Bb7 16. Rad1 $14) 15. Bxe5 Bxe5 16. Nxe5 Qxe5 17. Rfe1 Qc7 (17... Qd6 18.
Ne4 Qf4 19. d6 exd6 20. Qc3 f6 21. Rad1 Be6 22. Rxd6 Rae8 23. Qxc5 $14) 18.
Rad1 Rd8 19. d6 $2 {The young Georgian is impatient in his desire to transform
the compensationfor the pawn into something real. Much more unpleasant for
black was the move 19.Nb5!} (19. Nb5 $1 Qb6 (19... Qd7 20. d6 $1 exd6 (20... e6
21. Nc7 Rb8 22. Na6 Ra8 23. Nxc5 Qc6 24. Ne4 $18) 21. Nxd6 (21. Rxd6 Re8 22.
Re3 Rxe3 23. Qxe3 Qxb5 24. Rd8+ Kg7 25. Qe5+ f6 26. Qc7+ Kh6 27. Qf4+ $11)
21... Rf8 22. Qc3 Qa4 23. Ne4 Qb4 24. Qe5 $18) (19... Qf4 20. Rxe7 Qf6 21. Re3
(21. Rc7 a6 22. Na3 Qd6 23. Qg3 Be6 $11) 21... Qb6 22. d6 $16) 20. Rxe7 Qf6 (
20... Kf8 21. d6 Be6 22. Qa4 Rab8 23. Re1 Rxd6 24. Nxd6 Qxd6 25. R1xe6 fxe6 26.
Rxh7 Qd2 27. g3 $16) (20... Bg4 21. d6 Be6 22. Rxe6 fxe6 23. Qxe6+ Kh8 (23...
Kg7 24. Qe7+ Kg8 25. Nc7 $18) 24. Re1 Rf8 25. Qe5+ Kg8 26. Nc7 Rac8 27. Nd5 $18
) 21. Re3 Qb6 22. d6 Rb8 23. Rde1 Rf8 24. Re7 a6 25. Nc7 Qxd6 26. Ne8 Qd4 27.
R1e4 Qd2 28. Nf6+ Kg7 29. Nxh7 $18) 19... Rxd6 20. Nd5 Qd8 (20... Rxd5 21. Qxd5
Be6 22. Qe4 (22. Rxe6 fxe6 23. Qxe6+ Kh8 24. g3 Rd8 25. Rxd8+ Qxd8 26. Qe5+ Kg8
27. Qxc5 b6 $11) 22... Rc8 23. Rd2 b5 $11) (20... Qa5 $5 21. Nxe7+ (21. Qd3 Re6
(21... Rd7 22. Nxe7+ Kg7 23. Nd5 $14) 22. Nxe7+ Kf8 23. Rxe6 (23. b4 cxb4 (
23... Qxb4 24. Qd8+ Kg7 25. Rxe6 fxe6 26. Nxc8 $18) 24. Nd5 Qc5 (24... Rxe1+
25. Rxe1 b3 26. Qe3 Be6 27. Qe5 Qxd5 28. Qh8+ Ke7 29. Qxa8 bxa2 30. Qxa7 $11)
25. Qd2 Kg7 26. Qb2+ Kh6 27. Qd2+ $11) 23... Bxe6 24. Qd6 Qb6 25. Nxg6+ Kg7 26.
Nf4 Qxd6 27. Rxd6 Bxa2 28. h3 b6 $17) 21... Kf8 22. Nd5 Be6 23. Qxb7 Re8 24.
Qc7 $11) 21. Nxe7+ Kg7 (21... Kf8 $2 22. Qc3 Be6 23. Rxd6 Qxd6 24. Nf5 gxf5 25.
Qh8+ Ke7 26. Qxa8 $18) 22. Nd5 $1 {[%mdl 64] Each move is full of tactical
content and bothg players had hands full with calculating variatons.} (22. Qc3+
$2 f6 (22... Rd4 23. Re4 f6 24. Rdxd4 cxd4 25. Qc5 $14) 23. Rxd6 (23. Qc2 Rxd1
24. Qxd1 Qxd1 25. Rxd1 Be6 26. Rd6 Bxa2 $19) 23... Qxd6 24. Qb3 Bd7 25. Nd5 (
25. Qxb7 Re8 26. Qe4 (26. Nf5+ gxf5 27. Rxe8 Qd1+ $19) 26... Kf7 $19) 25... Bc6
$17) (22. Rxd6 Qxd6 23. Nd5 Be6 24. Qc3+ Kg8 (24... Kh6 25. Qe3+ Kg7 26. Qc3+
$11) 25. Nf6+ Kh8 26. Ne4+ Qd4 27. Nxc5 Qxc3 28. bxc3 Bxa2 29. Nxb7 $11) 22...
Be6 (22... Bg4 $2 23. Qc3+ f6 24. Nxf6 $1 Rxd1 25. Ne8+ Kh6 26. Qg7+ Kg5 (26...
Kh5 27. Qxh7+ Kg5 28. h4+ Kf4 29. g3+ Kf3 30. Qf7+ Bf5 31. Qxb7+ Qd5 32. Qxd5+
Rxd5 33. Re3+ Kg4 34. Nf6+ Kh3 35. Nxd5 $18) 27. h4+ Kxh4 28. Qh6+ Bh5 29. Kh2
$3 Qb8+ (29... Rd4 30. Re5 Rb8 31. g3+ Kg4 32. f3+ Kxf3 33. Qe3+ Kg4 34. Qe2#)
30. g3+ Kg4 31. f3+ Kxf3 32. Qe3+ Kg4 33. Qe6+ Kg5 34. Qe7+ Kh6 (34... Kg4 35.
Qh4+ Kf5 36. Ng7#) 35. Qe3+ g5 36. Qe6+ Bg6 37. Qh3+ Bh5 38. Re6#) (22... f6
23. Re7+ Kh8 24. Rde1 (24. Qe3 $2 Bf5 $19) 24... Be6 25. R7xe6 (25. Qxb7 Bg8
26. Nc3 Rb8 27. Qe4 Rd7 $14) 25... Rxd5 26. Qxb7 Rd1 27. b3 $16) 23. Qc3+ f6
24. Nf4 (24. Nxf6 Rxd1 25. Nd7+ $5 (25. Ne8+ Kf7 26. Qg7+ Kxe8 27. Qg8+ Ke7 28.
Qg7+ (28. Qxe6+ Kf8 $19) 28... Ke8 (28... Kd6 29. Rxd1+ Bd5 30. Qxb7 Qg5 31. f3
Re8 (31... Rd8 32. Qa6+ Ke7 33. Qxa7+ Kf8 34. Qxc5+ Kg8 35. a4 Qe5 36. h3 $14)
32. Qa6+ Ke7 33. Qxa7+ Kf6 34. Qxc5 Qh4 35. g3 Qc4 36. Qxc4 Bxc4 37. b3 $11)
29. Qg8+ $11) 25... Rd4 $1 (25... Kf7 26. Qf3+ $1 Kg8 27. Rxd1 Bxd7 28. Qxb7
Rb8 29. Rxd7 $16) (25... Kg8 26. Rxd1 Bxd7 27. Qb3+ c4 28. Qxc4+ (28. Qxb7 $2
Bc6 $19) 28... Kf8 29. Qd4 Rc8 30. h3 Ke7 31. Qg7+ Ke6 32. Re1+ Kd6 33. Qe5+
Kc6 34. Rd1 $16) 26. Nxc5 Bf7 27. Re4 Rc8 28. Rxd4 Qf6 29. Rd3 (29. Qb4 $2 a5
$1 $19) 29... Qxc3 30. Rxc3 Bxa2 31. Nxb7 Rxc3 32. bxc3 Kf6 33. Na5 $1 (33. Nc5
Ke5 34. f3 Kd5 35. Ne4 a5 36. Kf2 a4 37. Ke3 a3 38. Kd2 Bb1 39. Kc1 Bxe4 40.
fxe4+ Kxe4 41. Kc2 h5 $19) 33... Ke6 34. Nc6 Kd6 (34... a6 35. f4 Kd6 36. Nb4
Bc4 37. Kf2 a5 38. Nc2 $14) 35. Nxa7 (35. Nd4 Kc5 36. Kf1 Kc4 37. Ke2 Kxc3 38.
Nb5+ Kb4 39. Nxa7 Kc5 $17) 35... Kc5 36. Nc8 Be6 37. Ne7 Kd6 38. Nxg6 hxg6 $11)
24... Bxa2 $1 {The best move, even though black will be forced to give up the
queen. The tension will quickly fall and the chances become nearly even.} (
24... Bf7 25. Nh5+ $1 Kh8 26. Rxd6 Qxd6 27. Nxf6 Qd4 28. Qxd4 cxd4 29. Re7 Kg7
30. Nxh7 Re8 31. Rxe8 Bxe8 32. Ng5 d3 33. Kf1 Kf6 (33... Bc6 34. g3 $16) 34. f4
Kf5 35. g3 Bb5 36. Ke1 $16) (24... Bg4 25. Rc1 (25. Rxd6 Qxd6 26. Qg3 Re8 $1 (
26... Qd2 27. Rf1 Qd7 $15) 27. Rf1 Qd7 $17) 25... b6 26. h3 Bd7 27. Re3 $44)
25. b3 Rxd1 26. Ne6+ Kf7 (26... Kh8 27. Nxd8 Rxe1+ 28. Qxe1 Rxd8 29. h3 (29.
Qa1 Kg7 30. h3 Bxb3 31. Qxa7 $11) 29... Bxb3 30. Qe7 Rd1+ 31. Kh2 Kg8 $1 32.
Qxc5 Bd5 33. Qxa7 $11) 27. Nxd8+ Raxd8 28. Kf1 (28. h3 Rxe1+ 29. Qxe1 Bxb3 30.
Qa5 Rd1+ 31. Kh2 Rd7 $17) 28... Bb1 29. Rxd1 Rxd1+ 30. Ke2 Rd5 31. Qa5 (31. Qh3
g5 32. Qc8 Re5+ 33. Kd2 b6 34. Qd7+ Re7 35. Qd5+ Kg7 36. Qd6 Rf7 37. Qe6 Bg6
38. g4 $15) 31... Re5+ 32. Kd2 a6 33. Qc7+ Re7 34. Qxc5 Be4 1/2-1/2

[Event "Poikovsky Karpov 08th"]
[Site "Poikovsky"]
[Date "2007.03.21"]
[Round "6"]
[White "Onischuk, Alexander"]
[Black "Sutovsky, Emil"]
[Result "1-0"]
[WhiteElo "2663"]
[BlackElo "2629"]
[Annotator "Ftacnik,L"]
[PlyCount "79"]
[EventDate "2007.03.15"]
[EventType "tourn"]
[EventRounds "9"]
[EventCountry "RUS"]
[EventCategory "17"]
[SourceTitle "CBM 117"]
[Source "ChessBase"]
[SourceDate "2007.03.30"]
[SourceVersion "1"]
[SourceVersionDate "2007.03.30"]
[SourceQuality "1"]

1. d4 Nf6 2. c4 g6 3. Nc3 d5 4. Nf3 Bg7 5. Qb3 dxc4 6. Qxc4 O-O 7. e4 a6 8. Be2
b5 9. Qb3 c5 10. dxc5 Bb7 11. O-O Nxe4 12. Nxe4 Bxe4 13. Bf4 Bd5 14. Qe3 Nc6
15. Rad1 e6 16. Ne5 {White is keeping the pull in this opening line of
Gruenfeld defense, but defenders chances for equality are quite real.} (16. Rd2
Qa5 17. b3 (17. a3 b4 18. Rc1 Ra7 19. axb4 Qxb4 20. Bh6 Bxh6 21. Qxh6 Bxf3 22.
Rc4 Qa5 23. gxf3 Rb8 24. Rh4 f6 25. Bc4 Ne5 26. Bxe6+ Kh8 27. Qf4 Qxd2 28.
Qxf6+ Rg7 29. Qxe5 Rxb2 {0-1 Volkov,S (2620)-Timofeev,A (2575)/Krasnoyarsk
2003/ (64)}) 17... Rfc8 18. Bd6 Qc3 19. Rfd1 Qxe3 20. fxe3 b4 21. Kf2 Na5 22.
Rxd5 exd5 23. Rxd5 Nb7 24. Bc4 Rc6 25. Ng5 Bf8 26. Nxf7 Nxd6 27. Nxd6 {1-0
Volkov,S (2622)-Gupta,A (2380)/Abu Dhabi 2005/ (74)}) (16. Bd6 Re8 17. Ne5 Qa5
18. Nd7 Qxa2 19. Rd2 Bc4 20. Nb6 Rad8 21. Nxc4 bxc4 22. Qf4 Ne5 23. Rfd1 Nd3
24. Bxd3 cxd3 25. b4 Qa4 26. Rxd3 {1-0 Volkov,S (2612)-Van Wely,L (2679)/
Moscow 2005/ (45)}) 16... Qc8 (16... Nxe5 17. Bxe5 Bxe5 18. Qxe5 Qc8 19. b4
Bxa2 20. Bf3 Bd5 21. Bxd5 exd5 22. Rxd5 a5 23. h4 Qe6 24. Qd4 h5 25. Rd6 Qg4
26. Qd5 axb4 27. c6 $14 {1-0 Kozul,Z (2591)-Predojevic,B (2549)/Sarajevo 2005/
(40)}) 17. Nxc6 (17. Ng4 Bxb2 18. Nh6+ Kg7 19. Bd6 Rd8 $13) 17... Qxc6 (17...
Bxc6 18. Rd2 Rd8 19. Bd6 $14) 18. Bf3 $5 {Onischuk is not ready to play with
high risk by sacrificing g2 pawn for the activity of his passed c pawn with 18.
b4.} (18. b4 Bxg2 19. Rd6 Qe4 20. Rfd1 Qxe3 21. fxe3 Bd5 22. c6 $13) 18... Bxb2
(18... Bxf3 19. gxf3 (19. Rd6 Qe4 20. gxf3 Qxe3 21. fxe3 Bxb2 22. c6 Rac8 23.
Rb1 Bc3 $13) 19... Bxb2 20. Rd6 Qc8 21. Rfd1 $44) 19. Bxd5 exd5 20. Qb3 Qf6 (
20... Bf6 21. Qxd5 Rac8 22. Qxc6 Rxc6 23. Be3 Re8 $13) 21. Bd6 Rfe8 22. Qxd5
Rad8 {Black has to be careful as white pawn on c5 can lash out at any moment.}
(22... Rac8 23. h3 $14) 23. h3 Re2 (23... Re6 24. f4 Ba3 25. Qb3 Bb2 $11) 24.
Rd2 (24. c6 Rc2 25. g3 $13) 24... Rxd2 25. Qxd2 Bd4 26. Qe2 Qe6 (26... Rc8 27.
Rc1 Kg7 $13) 27. Qxe6 fxe6 28. Rc1 Kf7 29. c6 e5 (29... Rc8 30. Kf1 e5 31. c7
Ke6 32. Bb4 $14) 30. c7 Rc8 31. Bb4 Ke6 32. Kf1 e4 $2 {Sutovsky plays a
careless move in the worst moment, his situation was aking for much more
accuracy.} (32... Kd7 $1 33. Ba5 Rf8 34. f3 $14) 33. Rc6+ $1 Ke5 (33... Kd7 34.
Rd6+ $18) (33... Kf7 34. Bd6 a5 35. Bf4 $18) (33... Kd5 34. Rd6+ Kc4 35. Ba5
$18) 34. Rxa6 {The battle is over as the extra pawn on c7 easily decides.} e3 (
34... Rxc7 $2 35. Bd6+ $18) (34... Kf4 35. Ke2 Kf5 36. Rd6 Be5 37. g4+ Kg5 38.
Rd5 Kf6 39. Ba5 $18) 35. fxe3 Bxe3 36. Ke2 Bg1 37. Bd6+ Kd5 38. Bg3 Bc5 39. Kd3
Be7 40. Rb6 1-0

[Event "Linares 17th"]
[Site "Linares"]
[Date "2000.02.29"]
[Round "2"]
[White "Khalifman, Alexander"]
[Black "Kasparov, Garry"]
[Result "1/2-1/2"]
[WhiteElo "2656"]
[BlackElo "2851"]
[Annotator "Ftacnik,L"]
[PlyCount "57"]
[EventDate "2000.02.28"]
[EventType "tourn"]
[EventRounds "10"]
[EventCountry "ESP"]
[EventCategory "21"]
[SourceTitle "CBM 076"]
[Source "ChessBase"]
[SourceDate "2000.05.31"]
[SourceVersion "1"]
[SourceVersionDate "2000.05.31"]
[SourceQuality "1"]

1. d4 Nf6 2. c4 g6 3. Nc3 d5 4. Nf3 Bg7 5. Qb3 dxc4 6. Qxc4 O-O 7. e4 Na6 8.
Be2 c5 9. d5 e6 10. O-O exd5 11. exd5 Bf5 12. Be3 Qb6 13. b3 Rfe8 14. Rad1 Rad8
{Kasparov keeps trying to exploit the highs and lows of this position. His
move is new and a bit more ambitious than the interesting sacrifice 14...Rxe3!?
} (14... Ng4 15. Bd2 Rad8 (15... Ne5 16. Nxe5 Bxe5 17. Be3 (17. Rfe1 Rac8 18.
Bf4 Bxf4 19. Qxf4 Nb4 20. Bc4 Rxe1+ 21. Rxe1 {1-0 Van der Sterren,P-Berndt,S/
Hamburg/1997/ (55)}) 17... Qa5 18. Rc1 Rac8 19. Rfd1 Nb4 20. d6 Red8 21. Bf4
Bd4 22. a3 Nc6 23. Nb5 {1/2-1/2 Van der Sterren,P-Timman,J/Rotterdam/1997/ (37)
}) 16. Rfe1 Nb4 17. Na4 Qd6 18. Bf4 Qf8 19. Bc7 Rd7 20. d6 b6 21. Bf1 Rxe1 22.
Rxe1 Nc2 23. Rd1 {1-0 Ree,H-Chandler,M/Thessaloniki/1984/ (61)}) (14... Rxe3 $5
15. fxe3 Ng4 16. Na4 Qd6 (16... Qa5 17. e4 Ne3 18. Qc1 Nxd1 19. exf5 Nc3 20.
Nxc3 Qxc3 21. Qxc3 Bxc3 22. Rc1 Ba5 23. Bxa6 bxa6 24. Ne5 {1-0 Gyimesi,Z-Kalod,
R/Pardubice/1998/ (57)}) (16... Qd8 17. e4 Bd7 18. e5 Ne3 19. Qf4 Nxd1 20. Bxa6
bxa6 21. Rxd1 Rc8 {1/2-1/2 Farago,I-Tukmakov,V/Basel/2000/ (51)}) 17. Qf4 Qxf4
18. exf4 Nb4 19. Rd2 (19. Nxc5 b6 $1 20. Nb7 Nxa2 21. Rfe1 Ne3 $13) (19. a3 Nc2
20. Rd2 b6 21. Bd3 Bxd3 22. Rxd3 Nxa3 23. Re1 Nb5 {1/2-1/2 Gyimesi,Z-Jaracz,P/
Koszalin/1999/ (30)}) 19... Ne3 20. Rc1 Nbxd5 (20... b6 21. Bc4 $1 Rd8 22. d6
$16) 21. Bd3 (21. Nxc5 Bc3 $1) 21... Nxf4 22. Bxf5 Nxf5 23. Rxc5 (23. Nxc5 Bh6
24. Re1 Ne6 25. Nxb7 Bxd2 26. Nxd2 {1/2-1/2 Farago,I-Kozul,Z/Montpellier/1989/
(41)}) 23... Ne6 24. Rcc2 b5 25. Nb2 Bh6 {1/2-1/2 Korotylev,A-Baikov,V/Moscow
1999/F1199 (39)}) 15. h3 Qa5 16. Rfe1 Nd7 17. Na4 Nb4 18. Bg5 (18. Nxc5 Nxc5
19. Bxc5 Nc2 20. b4 Qa4 21. Rf1 b6 22. Bd4 Qxb4 $15) (18. Bd2 $5) 18... Nc2 19.
Bxd8 Qxd8 20. Rf1 (20. Nxc5 Nxe1 21. Rxe1 Nb6 22. Qb5 Re7 23. g4 (23. Bc4 $6
Rxe1+ 24. Nxe1 Bc3 25. Nxb7 (25. Nf3 a6 $17) 25... Qe7 $19) 23... Bc8 24. Rd1
Qd6 25. Bc4 h5 $132) 20... Nd4 (20... Na3 $5 21. Qc1 Rxe2 22. Qxa3 Be4 (22...
Qa5 23. Rfe1 Rxe1+ 24. Rxe1 b5 25. Re8+ Bf8 26. g4 $18) 23. Rfe1 (23. b4 cxb4
24. Qxb4 Bxf3 25. gxf3 Ne5 $11) 23... Bxf3 24. gxf3 Rxe1+ 25. Rxe1 Qg5+ 26. Kf1
Qxd5 27. Re8+ Bf8 $11) 21. Nxd4 Bxd4 22. Rxd4 {Khalifman just did not wanted
to take the risk connected with the queen sacrifice initiated with 22.b4!?} (
22. b4 $5 Re4 23. bxc5 Bxf2+ (23... Qh4 24. Qc2 $16) 24. Rxf2 Rxc4 25. Bxc4 Qa5
26. Bb3 $14) 22... cxd4 23. Bg4 (23. Rd1 a6 $1) 23... Bxg4 24. hxg4 Re4 25. f3
Ne5 26. Qb4 Nd3 (26... Re2 27. Qxd4 Qf6 28. Qd1 $1 (28. Qxa7 Nd3)) 27. Qc4 Ne5
28. Qb4 Nd3 29. Qc4 1/2-1/2